000 00844nam a2200229Ia 4500
001 16643
003 GE_BSU
008 181216s||||||||xx |||||||||||||| ||und||
040 _cGE_BSU
080 _a821.353.1-32 + 821.353.1-34 + 821.353.1-2
100 _aნაკაშიძე, ნინო
245 _aყველამ მიულოცა
245 _bმოთხრობები, ზღაპრები, პიესები
245 _cრედ.ვ.ძიძიგური.მხ.ი.სუხიშვილი
260 _aთბილისი
260 _bსაბლიტგამი
260 _c1957
300 _a345გვ. ; 22სმ
653 _aმოთხრობები, ზღაპრები, პიესები
653 _aყველამ მიულოცა
942 _cBK
999 _c49709
_d49709